00439nam a2200181Ia 4500008004100000020001400041050001400055100001800069245002400087245004600111260001500157260001600172260000900188300001400197300002700211300001000238500000900248170918s9999 xx 000 0 und d a590416227 bM898 1968 aMosel, Arlene aTikki tikki tembo / cArlene Mosel ; illustrated by Blair Lent. aNew York : bScholastic, c1968 aunpaged : bcolored illustration ; c23cm. a1090